000 00367nam a22001577a 4500
001 21923
003 HDC
008 210311b ||||| |||| 00| 0 eng d
040 _aHDC
245 0 _aTesting.... Test.. Test... percubaan
336 _atext
_2rdacontent
337 _acomputer
_2rdamedia
338 _aonline resource
_2rdacarrier
942 _2lcc
942 _cEIS
999 _c19239
_d19239